MARC details
| 000 -LEADER |
| fixed length control field |
03816nam a22007695i 4500 |
| 005 - DATE AND TIME OF LATEST TRANSACTION |
| control field |
20230718140316.0 |
| 006 - FIXED-LENGTH DATA ELEMENTS--ADDITIONAL MATERIAL CHARACTERISTICS |
| fixed length control field |
m|||||o||d|||||||| |
| 007 - PHYSICAL DESCRIPTION FIXED FIELD--GENERAL INFORMATION |
| fixed length control field |
cr || |||||||| |
| 008 - FIXED-LENGTH DATA ELEMENTS--GENERAL INFORMATION |
| fixed length control field |
221201t20202020gw fo d z ger d |
| 020 ## - INTERNATIONAL STANDARD BOOK NUMBER |
| International Standard Book Number |
9783839455272 |
| 040 ## - CATALOGING SOURCE |
| Original cataloging agency |
DE-B1597 |
| Language of cataloging |
eng |
| Transcribing agency |
DE-B1597 |
| Description conventions |
rda |
| 041 0# - LANGUAGE CODE |
| Language code of text/sound track or separate title |
ger |
| 084 ## - OTHER CLASSIFICATION NUMBER |
| Classification number |
LC 87000 |
| Number source |
rvk |
| 100 1# - MAIN ENTRY--PERSONAL NAME |
| Personal name |
Elster, Christian, |
| Relator term |
author. |
| Relator code |
aut |
| -- |
http://id.loc.gov/vocabulary/relators/aut |
| 245 10 - TITLE STATEMENT |
| Title |
Pop-Musik sammeln : |
| Remainder of title |
Zehn ethnografische Tracks zwischen Plattenladen und Streamingportal / |
| Statement of responsibility, etc. |
Christian Elster. |
| 264 #1 - PRODUCTION, PUBLICATION, DISTRIBUTION, MANUFACTURE, AND COPYRIGHT NOTICE |
| Place of production, publication, distribution, manufacture |
Bielefeld : |
| Name of producer, publisher, distributor, manufacturer |
transcript Verlag, |
| Date of production, publication, distribution, manufacture, or copyright notice |
[2020] |
| 264 #4 - PRODUCTION, PUBLICATION, DISTRIBUTION, MANUFACTURE, AND COPYRIGHT NOTICE |
| Date of production, publication, distribution, manufacture, or copyright notice |
©2020 |
| 300 ## - PHYSICAL DESCRIPTION |
| Extent |
1 online resource (238 p.) |
| 336 ## - CONTENT TYPE |
| Content type term |
text |
| Content type code |
txt |
| Source |
rdacontent |
| 337 ## - MEDIA TYPE |
| Media type term |
computer |
| Media type code |
c |
| Source |
rdamedia |
| 338 ## - CARRIER TYPE |
| Carrier type term |
online resource |
| Carrier type code |
cr |
| Source |
rdacarrier |
| 347 ## - DIGITAL FILE CHARACTERISTICS |
| File type |
text file |
| Encoding format |
PDF |
| Source |
rda |
| 490 0# - SERIES STATEMENT |
| Series statement |
Studien zur Popularmusik |
| 505 00 - FORMATTED CONTENTS NOTE |
| Title |
Frontmatter -- |
| -- |
Tracklist -- |
| -- |
Intro -- |
| -- |
1. Pop als Feld -- |
| -- |
2. Stöbern -- |
| -- |
3. Im Plattenladen -- |
| -- |
4. Vinyl -- |
| -- |
5. Ordnen -- |
| -- |
6. Die Biografie einer Spice Girls-CD -- |
| -- |
7. iPod -- |
| -- |
8. Der Sammler als (Anti-)Figur -- |
| -- |
9. Spotify -- |
| -- |
10. Aussortieren -- |
| -- |
Hidden Track -- |
| -- |
Literatur- und Quellenverzeichnis -- |
| -- |
Dank |
| 506 0# - RESTRICTIONS ON ACCESS NOTE |
| Standardized terminology for access restriction |
unrestricted online access |
| Source of term |
star |
| 520 ## - SUMMARY, ETC. |
| Summary, etc. |
Streamingdienste, Vinylflohmärkte, die verstaubte CD-Sammlung - nie gab es so viele Möglichkeiten auf Musik zuzugreifen wie heute. In Form ethnografischer Tracks zeigt Christian Elster, was Musiksammeln zwischen Plattenladen und Online-Diensten für Menschen bedeuten kann. Hierfür beleuchtet er Praktiken, Artefakte, Orte, Diskurse und Figuren des Sammelns und zeigt auf, dass die technisch grundierte und sinnliche Praxis wesentlich auf das Selbstverständnis vieler Menschen Einfluss nimmt. Mehr denn je kann Sammeln somit als Alltagskompetenz verstanden werden - in komplexen physischen und digitalen Umgebungen schafft es individuelle Ordnungen und sinnstiftende Wegmarken. |
| 536 ## - FUNDING INFORMATION NOTE |
| Text of note |
funded by Swiss National Science Foundation (SNSF) |
| 538 ## - SYSTEM DETAILS NOTE |
| System details note |
Mode of access: Internet via World Wide Web. |
| 540 ## - TERMS GOVERNING USE AND REPRODUCTION NOTE |
| Terms governing use and reproduction |
This eBook is made available Open Access under a CC BY-NC 4.0 license: |
| Uniform Resource Identifier |
<a href="https://creativecommons.org/licenses/by-nc/4.0 ">https://creativecommons.org/licenses/by-nc/4.0 </a> |
| -- |
<a href="https://www.degruyter.com/dg/page/open-access-policy">https://www.degruyter.com/dg/page/open-access-policy</a> |
| 546 ## - LANGUAGE NOTE |
| Language note |
In German. |
| 588 0# - SOURCE OF DESCRIPTION NOTE |
| Source of description note |
Description based on online resource; title from PDF title page (publisher's Web site, viewed 01. Dez 2022) |
| 650 #0 - SUBJECT ADDED ENTRY--TOPICAL TERM |
| Topical term or geographic name entry element |
Popular music |
| General subdivision |
Social aspects. |
| 650 #0 - SUBJECT ADDED ENTRY--TOPICAL TERM |
| Topical term or geographic name entry element |
Sound recordings |
| General subdivision |
Collectors and collecting. |
| 650 #0 - SUBJECT ADDED ENTRY--TOPICAL TERM |
| Topical term or geographic name entry element |
Sound recordings |
| General subdivision |
History. |
| 650 #4 - SUBJECT ADDED ENTRY--TOPICAL TERM |
| Topical term or geographic name entry element |
Alltagspraxis. |
| 650 #4 - SUBJECT ADDED ENTRY--TOPICAL TERM |
| Topical term or geographic name entry element |
Cultural Studies. |
| 650 #4 - SUBJECT ADDED ENTRY--TOPICAL TERM |
| Topical term or geographic name entry element |
Ethnografie. |
| 650 #4 - SUBJECT ADDED ENTRY--TOPICAL TERM |
| Topical term or geographic name entry element |
Medien. |
| 650 #4 - SUBJECT ADDED ENTRY--TOPICAL TERM |
| Topical term or geographic name entry element |
Musik. |
| 650 #4 - SUBJECT ADDED ENTRY--TOPICAL TERM |
| Topical term or geographic name entry element |
Musikwissenschaft. |
| 650 #4 - SUBJECT ADDED ENTRY--TOPICAL TERM |
| Topical term or geographic name entry element |
Ordnung. |
| 650 #4 - SUBJECT ADDED ENTRY--TOPICAL TERM |
| Topical term or geographic name entry element |
Popkultur. |
| 650 #4 - SUBJECT ADDED ENTRY--TOPICAL TERM |
| Topical term or geographic name entry element |
Popmusik. |
| 650 #4 - SUBJECT ADDED ENTRY--TOPICAL TERM |
| Topical term or geographic name entry element |
Sammeln. |
| 650 #4 - SUBJECT ADDED ENTRY--TOPICAL TERM |
| Topical term or geographic name entry element |
Selbstverständnis. |
| 650 #4 - SUBJECT ADDED ENTRY--TOPICAL TERM |
| Topical term or geographic name entry element |
Streaming. |
| 650 #4 - SUBJECT ADDED ENTRY--TOPICAL TERM |
| Topical term or geographic name entry element |
Vinyl. |
| 650 #7 - SUBJECT ADDED ENTRY--TOPICAL TERM |
| Topical term or geographic name entry element |
MUSIC / History & Criticism. |
| Source of heading or term |
bisacsh |
| 653 ## - INDEX TERM--UNCONTROLLED |
| Uncontrolled term |
Collecting. |
| 653 ## - INDEX TERM--UNCONTROLLED |
| Uncontrolled term |
Cultural Studies. |
| 653 ## - INDEX TERM--UNCONTROLLED |
| Uncontrolled term |
Ethnography. |
| 653 ## - INDEX TERM--UNCONTROLLED |
| Uncontrolled term |
Everyday Practice. |
| 653 ## - INDEX TERM--UNCONTROLLED |
| Uncontrolled term |
Media. |
| 653 ## - INDEX TERM--UNCONTROLLED |
| Uncontrolled term |
Music. |
| 653 ## - INDEX TERM--UNCONTROLLED |
| Uncontrolled term |
Musicology. |
| 653 ## - INDEX TERM--UNCONTROLLED |
| Uncontrolled term |
Order. |
| 653 ## - INDEX TERM--UNCONTROLLED |
| Uncontrolled term |
Pop Music. |
| 653 ## - INDEX TERM--UNCONTROLLED |
| Uncontrolled term |
Popular Culture. |
| 653 ## - INDEX TERM--UNCONTROLLED |
| Uncontrolled term |
Streaming. |
| 653 ## - INDEX TERM--UNCONTROLLED |
| Uncontrolled term |
Vinyl. |
| 710 2# - ADDED ENTRY--CORPORATE NAME |
| Corporate name or jurisdiction name as entry element |
Swiss National Science Foundation (SNSF) |
| Relator term |
funder. |
| Relator code |
fnd |
| -- |
http://id.loc.gov/vocabulary/relators/fnd |
| 776 0# - ADDITIONAL PHYSICAL FORM ENTRY |
| Qualifying information |
print |
| International Standard Book Number |
9783837655278 |
| 856 40 - ELECTRONIC LOCATION AND ACCESS |
| Uniform Resource Identifier |
<a href="https://doi.org/10.1515/9783839455272?locatt=mode:legacy">https://doi.org/10.1515/9783839455272?locatt=mode:legacy</a> |
| Public note |
Open Access |
| -- |
0 |
| 856 40 - ELECTRONIC LOCATION AND ACCESS |
| Uniform Resource Identifier |
<a href="https://www.degruyter.com/isbn/9783839455272">https://www.degruyter.com/isbn/9783839455272</a> |
| Public note |
Open Access |
| -- |
0 |
| 856 42 - ELECTRONIC LOCATION AND ACCESS |
| Materials specified |
Cover |
| Uniform Resource Identifier |
<a href="https://www.degruyter.com/document/cover/isbn/9783839455272/original">https://www.degruyter.com/document/cover/isbn/9783839455272/original</a> |
| 942 ## - ADDED ENTRY ELEMENTS (KOHA) |
| Koha item type |
E-Book |